Statistics for What's Up? - 4 Non Blondes (All Lyrics)

Click here to take the quiz!

General Stats

  • This quiz has been taken 555 times
  • The average score is 246 of 306

Answer Stats

Lyrics% Correct
a
99%
I,
99%
I
99%
and
98%
And
98%
what's
97%
What's
97%
going
96%
on?
96%
my
93%
in
91%
the
91%
to
90%
hey,
88%
hey
88%
of
88%
say
87%
say,
87%
get
86%
out
84%
real
80%
For
78%
for
78%
so
77%
morning
75%
outside.
75%
up
75%
all
74%
head.
74%
try.
74%
try
74%
try,
74%
wake
74%
is
73%
breath
72%
it
72%
scream
72%
take
72%
when
72%
deep
71%
high.
71%
lungs:
71%
step
71%
that
71%
top
71%
oh
70%
I'm
67%
bed.
66%
do
66%
life
66%
god
65%
this
65%
still
64%
little
63%
trying
63%
Twenty-five
63%
yeah.
63%
yeah
63%
yeah,
63%
years
63%
cry
61%
time,
61%
big
60%
destination.
60%
feeling
60%
from
60%
Just
60%
lying
60%
pray
60%
pray.
60%
pray,
60%
hope.
59%
revolution.
59%
day
57%
peculiar.
57%
sometimes
56%
whatever
56%
man.
55%
means.
55%
am
54%
great
54%
hill
53%
should
53%
every
52%
institution.
52%
world
52%
single
51%
brotherhood
50%
was
50%
knew
49%
quickly
49%
made
47%
realized
44%

Score Distribution

Percentile by Number Answered

Percent of People with Each Score

Your Score History

You have not taken this quiz